Salem's cipher / Jess Lourey.
Available copies
- 2 of 2 copies available at LARL/NWRL Consortium.
- 2 of 2 copies available at Lake Agassiz Regional Library. (Show preferred library)
Current holds
0 current holds with 2 total copies.
View other formats and editions
Show All Copies
| Location | Call Number / Copy Notes | Barcode | Shelving Location | Status | Due Date |
|---|---|---|---|---|---|
| Crookston Public Library | CD TALKING BOOK LOU (Text) | 33500014025167 | Main | Available | - |
| Moorhead Public Library | CD TALKING BOOK LOU (Text) | 33500014025175 | Main | Available | - |
Record details
- ISBN: 9798200719723
- ISBN: 9798200719730
- Physical Description: 10 audio discs (12 hr., 14 min.) : CD audio, ... Read More
- Edition: Unabridged.
- Publisher: [Old Saybrook, Connecticut] : Tantor, [2021]
Content descriptions
| General Note: | Compact discs. |
| Participant or Performer Note: | Read by Christina Delaine. |
| Summary, etc.: | Salem Wiley is a genius cryptanalyst, courted by ... Read More |
Search for related items by subject
| Subject: | Cryptographers > Fiction. Women intelligence officers > Fiction. Conspiracies > Fiction. Secret societies > Fiction. Code and cipher stories. |
| Genre: | Suspense fiction. Audiobooks. Thrillers (Fiction) |
Search for related items by series
| LDR | 02784nim a22006137i 4500 | ||
|---|---|---|---|
| 001 | 441714 | ||
| 003 | LARL_NWRL_CONSORTIUM | ||
| 005 | 20240717152918.0 | ||
| 008 | 240427s2021 ctunnnne f n eng d | ||
| 007 | sd fsngnnmmned | ||
| 040 | . | ‡aBLACP ‡beng ‡erda ‡cBLACP ‡dOCLCO | |
| 020 | . | ‡a9798200719723 ‡q(sound recording ; ‡qBlackstone Library CD) | |
| 020 | . | ‡a9798200719730 ‡q(sound recording ; ‡qBlackstone Retail CD) | |
| 035 | . | ‡a(OCoLC)1431999190 | |
| 037 | . | ‡aZPes9c ‡bBlackstone Publishing | |
| 037 | . | ‡aZEes9c ‡bBlackstone Publishing | |
| 082 | 0 | 4. | ‡a813/.6 ‡223 |
| 100 | 1 | . | ‡aLourey, Jess, ‡d1970- ‡eauthor. ‡0(LARL_NWRL_CONSORTIUM)194889 |
| 245 | 1 | 0. | ‡aSalem's cipher / ‡cJess Lourey. |
| 250 | . | ‡aUnabridged. | |
| 264 | 1. | ‡a[Old Saybrook, Connecticut] : ‡bTantor, ‡c[2021] | |
| 300 | . | ‡a10 audio discs (12 hr., 14 min.) : ‡bCD audio, digital ; ‡c4 3/4 in. | |
| 336 | . | ‡aspoken word ‡bspw ‡2rdacontent | |
| 337 | . | ‡aaudio ‡bs ‡2rdamedia | |
| 338 | . | ‡aaudio disc ‡bsd ‡2rdacarrier | |
| 344 | . | ‡adigital ‡2rdatr | |
| 344 | . | ‡boptical ‡2rdarm | |
| 347 | . | ‡aaudio file ‡2rdaft | |
| 347 | . | ‡bCD audio | |
| 490 | 0 | . | ‡aSalem's cipher ; ‡v1 |
| 500 | . | ‡aCompact discs. | |
| 511 | 0 | . | ‡aRead by Christina Delaine. |
| 520 | . | ‡aSalem Wiley is a genius cryptanalyst, courted by the world's top security agencies ever since her quantum computing breakthrough. When her intelligence work unexpectedly exposes a sinister plot to assassinate the country's first viable female presidential candidate, Salem finds herself both target and detective in a modern day witch hunt. Drawn into a labyrinth of messages encrypted by Emily Dickinson and codes tucked inside the Beale Cipher a hundred years earlier, Salem begins to uncover the truth: an ancient and ruthless group is hell-bent on ruling the world, and only a select group of women stands in its way. | |
| 650 | 0. | ‡aCryptographers ‡vFiction. | |
| 650 | 0. | ‡aWomen intelligence officers ‡vFiction. | |
| 650 | 0. | ‡aConspiracies ‡vFiction. ‡0(LARL_NWRL_CONSORTIUM)164235 | |
| 650 | 0. | ‡aSecret societies ‡vFiction. ‡0(LARL_NWRL_CONSORTIUM)167312 | |
| 650 | 0. | ‡aCode and cipher stories. ‡0(LARL_NWRL_CONSORTIUM)17073 | |
| 655 | 7. | ‡aSuspense fiction. ‡2gsafd | |
| 655 | 7. | ‡aAudiobooks. ‡2lcgft ‡0(LARL_NWRL_CONSORTIUM)175801 | |
| 655 | 7. | ‡aThrillers (Fiction) ‡2lcgft | |
| 700 | 1 | . | ‡aDelaine, Christina, ‡enarrator. |
| 901 | . | ‡a441714 ‡bAUTOGEN ‡c441714 ‡tbiblio | |

Add to basket
Permalink
Disable Highlighting